| 000 | 01418cam a2200301 a 4500 | ||
|---|---|---|---|
| 001 | 14969212 | ||
| 005 | 20090827144337.0 | ||
| 008 | 070816s2007 nju b 001 0 eng | ||
| 020 | _a9812707913 | ||
| 020 | _a9789812707918 | ||
| 035 | _a(OCoLC)165478557 | ||
| 040 |
_aDLC _cDLC _dYDX _dBTCTA _dBAKER _dYDXCP _dBWX _dDLC |
||
| 082 | 0 | 0 |
_a332.01 _222 _bFRA |
| 100 | 1 |
_aFrankfurter, George M. _929357 |
|
| 245 | 1 | 0 |
_aTheory and Reality in Financial Economics : _bEssays Toward a New Political Finance / _cGeorge M. Frankfurter. |
| 260 |
_aHackensack, NJ : _bWorld Scientific, _cc2007. |
||
| 300 |
_axxi, 215 p. ; _c24 cm. |
||
| 504 | _aIncludes bibliographical references and indexes. | ||
| 650 | 0 |
_aFinance. _929358 |
|
| 650 | 0 |
_aEconomics. _929359 |
|
| 653 |
_bEco _cMarch2012 |
||
| 856 | 4 | 1 |
_3Table of contents only _uhttp://www.loc.gov/catdir/toc/ecip0725/2007033434.html |
| 942 |
_2ddc _cBB |
||
| 999 |
_c16577 _d16577 |
||